| Tag |
First Indicator |
Second Indicator |
Subfields |
| LEADER |
00000cam a2200000 a 4500 |
| 001 |
in00001436708 |
| 005 |
20151020092727.0 |
| 008 |
910711s1992 nyua j 001 0 eng |
| 010 |
|
|
|a 91027908
|
| 020 |
|
|
|a 0896866998
|
| 035 |
|
|
|a (OCoLC)24211299
|
| 035 |
|
|
|9 AHS1681AM
|
| 040 |
|
|
|a DLC
|c DLC
|d UtOrBLW
|
| 049 |
|
|
|a TXAG
|
| 050 |
0 |
0 |
|a TL215.M8
|b S35 1992
|
| 082 |
0 |
0 |
|a 629.222
|2 20
|
| 100 |
1 |
|
|a Schleifer, Jay.
|
| 245 |
1 |
0 |
|a Mustang :
|b power-packed pony /
|c by Jay Schleifer.
|
| 264 |
|
1 |
|a New York :
|b Crestwood House ;
|a Toronto :
|b Maxwell Macmillan Canada ;
|a New York :
|b Maxwell Macmillan International,
|c [1992]
|
| 264 |
|
4 |
|c ©1992
|
| 300 |
|
|
|a 48 pages :
|b color illustrations ;
|c 24 cm.
|
| 336 |
|
|
|a text
|b txt
|2 rdacontent
|
| 337 |
|
|
|a unmediated
|b n
|2 rdamedia
|
| 338 |
|
|
|a volume
|b nc
|2 rdacarrier
|
| 490 |
1 |
|
|a Cool classics
|
| 520 |
|
|
|a Describes the design and history of the popular Mustang car and its effects on popular culture.
|
| 500 |
|
|
|a Includes index.
|
| 650 |
|
0 |
|a Mustang automobile
|x Juvenile literature.
|
| 650 |
|
1 |
|a Mustang automobile.
|
| 830 |
|
0 |
|a Cool classics.
|
| 999 |
|
|
|a MARS
|
| 999 |
f |
f |
|s a807e208-6104-3f2c-b4ab-42513de45fb7
|i 5b32ab4a-78ab-37cf-b20d-eed6e2ef53c3
|t 0
|
| 952 |
f |
f |
|p normal
|a Texas A&M University
|b College Station
|c Sterling C. Evans Library
|d Evans: Curriculum Collection (4th floor)
|t 0
|e TL215.M8 S35 1992
|h Library of Congress classification
|i unmediated -- volume
|m A14822286938
|
| 998 |
f |
f |
|a TL215.M8 S35 1992
|t 0
|l Evans: Curriculum Collection (4th floor)
|